000 00259nam a22001217a 4500
008 170706b xxu||||| |||| 00| 0 eng d
041 _aeng
080 _a821.18
100 _a22
101 _aGJL
245 _aGJUHA LATINE
_cQIRIAZATI, K.K
942 _2udc
_cBK
999 _c19982
_d19982